000 01071nam a2200373 c 4500
001 180465
003 DO-SdBNP
005 20171129133549.0
007 180465
008 120320s2009 cl a | |||| 000 0 spa
020 _a9789212210803
035 _a
040 _aBPMSU
_bspa
_cBPMSU
_e
080 _a
080 _a
080 _a
245 0 4 _aUna mirada a la crisis desde los márgenes /
_cSonia Montaño, coordinadora
250 _a
260 _aSantiago de Chile:
_bCEPAL,
_c 2009
300 _a95 p. :
_bil., gráf.
_c23 cm
336 _a
_2
337 _a
_2
490 0 _aCuadernos de la CEPAL
_x0252-2195
_v96
504 _aBibliografía: p. 89-92
650 7 _aCrisis económicas
_y2008-
_2
650 7 _aMujeres
_xEmpleo
_zAmérica Latina
_2
651 7 _aAmérica Latina
_xPolítica social
_2
700 1 _aMontaño, Sonia
_ecoor.
710 _4Naciones Unidas
830 _aCuadernos de la CEPAL
_p0252-2195
_v96
942 _2ddc
_cBK
945 _ainventariado extranjero / DG
956 _aVMATEO
_b10
_c20160518
_dBPMSU
_f0069
999 _c10165
_d10165